Epilog : Vlastimil Šik /

Hlavní autor: Šik, Vlastimil, 1954-2009
Další autoři: Blochová, Zuzana, 1979-
Jazyk: Čeština
Vydáno: V Praze : Občanské sdružení V. Šik - výstava, 2010
Vydání: Vyd. 1.
Témata:
Fyzický popis: [32] s. : barev. il., portréty ; 21 x 29 cm
Knihy
Uloženo v:
LEADER 01721nam a2200493 a 4500
001 nkc20102094610
003 CZ PrNK
005 20231111054550.0
007 ta
008 100402s2010 xr ac e c 000 0dcze
015 |a cnb002094610 
020 |a 978-80-254-7006-0  |q (brož.) 
035 |a (OCoLC)655144401 
040 |a BOA001  |b cze  |d ABA001  |d OLA001 
043 |a e-xr--- 
045 |a x7y0 
072 7 |a 75  |x Malířství  |2 Konspekt  |9 21 
080 |a 75(437.3)  |2 MRF 
080 |a 75.036/.038  |2 MRF 
080 |a (437.3)  |2 MRF 
080 |a (083.824)  |2 MRF 
100 1 |a Šik, Vlastimil,  |d 1954-2009  |7 xx0119088  |4 art 
245 1 0 |a Epilog :  |b Vlastimil Šik /  |c [autorka fotografií Zuzana Blochová] 
246 1 |i Název v tiráži:  |a Vlastimil Šik - Epilog 
246 3 0 |a Vlastimil Šik 
250 |a Vyd. 1. 
260 |a V Praze :  |b Občanské sdružení V. Šik - výstava,  |c 2010 
300 |a [32] s. :  |b barev. il., portréty ;  |c 21 x 29 cm 
500 |a Životopisná data a přehled výstav 
500 |a 500 výt. 
600 1 7 |a Šik, Vladimír,  |d 1954-  |7 mzk2005294812  |2 czenas 
648 4 |a 1971-2006 
650 0 7 |a české malířství  |7 ph116864  |y 20.-21. století  |2 czenas 
650 0 7 |a moderní malířství  |7 ph122940  |z Česko  |2 czenas 
650 0 9 |a Czech painting  |y 20th-21st centuries  |2 eczenas 
650 0 9 |a modern painting  |z Czechia  |2 eczenas 
655 7 |a katalogy výstav  |7 fd132536  |2 czenas 
655 9 |a exhibition catalogs  |2 eczenas 
700 1 |a Blochová, Zuzana,  |d 1979-  |7 jo2007278165  |4 pht 
910 2 |a BOA001  |b 4-1241.807 
990 |a BK 
995 |a 01 
991 |b 201007  |c NOV 
996 6 |b 2610440373  |c 4-1241.807  |l MZK  |r Sklad / do 1 hodiny  |n 0  |p p.v.  |w 001127220  |u 000010  |a 1  |e BOA001  |j MZK50  |s P